000 00185nam a2200073Ia 4500
008 170620s9999 xx 000 0 und d
100 _aKUMAR KEVAL J
245 0 _aMASS COMMUNICATION IN INDIA
260 _bNEW DELHI JAICO
999 _c30203
_d30203